000 00836nas a2200289 4500
001 BR0900791
003 BR-BrBNA
005 20231205113123.0
007 ta
008 230509b bl.|||p| |||| 00| 00por d
040 _aBR-BrBNA
_bpor
_cBiblioteca Nacional de Agricultura
041 _a(Pt)
072 _aH60
100 1 _aFreitas, R.S.
100 1 _aTomasz, M.A.
100 1 _aFerreira, L.R.
100 1 _aBerger, P.G.
100 1 _aPereira, C.J.
100 1 _aCecon, P.R.
245 1 _aCrescimento do algodoeiro submetido ao herbicida trifloxysulfuron-sodium
650 _aGOSSYPIUM HIRSUTUM
650 _aHERBICIDA
650 _aTAXA DE CRESCIMENTO
773 0 _tPlanta Daninha (Brazil)
_xISSN 0100-8358
_g(2006), v. 24(1) p. 123-129
_wBR0900791
909 _a202311
_bLúcia
_c55
_dLúcia Elande
942 _2AGRIS
_n0
_cANA
999 _c201957
_d201957